Kinevezések a SZOTE-n

Elmentve itt :
Bibliográfiai részletek
Dokumentumtípus: Cikk
Megjelent: 1986-01-02
Sorozat:Délmagyarország 76 No. 1
Kulcsszavak:Czinger Jenő, Fül-Orr-Gégeklinika
Online Access:http://dmarchiv.bibl.u-szeged.hu/93058
LEADER 00412nab a2200145 i 4500
001 delm93058
005 20190917113526.0
008 190917s1986 hu o 0|| hun d
040 |a SZTE Délmagyarország Archívum  |b hun 
041 |a hun 
245 0 0 |a Kinevezések a SZOTE-n  |h [elektronikus dokumentum] 
260 |c 1986-01-02 
300 |a 8 
490 0 |a Délmagyarország  |v 76 No. 1 
695 |a Czinger Jenő, Fül-Orr-Gégeklinika